[Event "USCL Tennessee vs Seattle"]
[Site "Internet Chess Club"]
[Date "2006.08.28"]
[Round "1"]
[White "Tangborn, Eric"]
[Black "Andrews, Todd"]
[Result "1-0"]
[WhiteElo "2475"]
[BlackElo "2350"]
[PlyCount "79"]
[EventDate "2006.??.??"]

1. c4 e5 2. g3 d6 3. Bg2 Nf6 4. Nc3 g6 5. d3 Bg7 6. e4 O-O 7. Nge2 Nc6 8. O-O
Nd7 9. Be3 Nc5 10. f4 Bg4 11. f5 f6 12. Bf3 gxf5 13. exf5 Bxf3 14. Rxf3 Kh8 15.
Rf1 Rg8 16. Qd2 Qe8 17. Nd5 Rc8 18. g4 Ne7 19. Nxe7 Qxe7 20. Ng3 c6 21. d4 Nd7
22. Rac1 Rcd8 23. h3 d5 24. c5 Rde8 25. b4 a6 26. Rce1 Qf7 27. Kh1 Bf8 28. Nh5
Be7 29. Bh6 Bd8 30. dxe5 fxe5 31. f6 Rg6 32. Bg7+ Kg8 33. Rf5 Bc7 34. Ref1 Nf8
35. Rg5 Ne6 36. Rxg6 hxg6 37. Qh6 Nxg7 38. Nxg7 Rf8 39. Ne6 Rc8 40. Ng5 1-0

[Event "USCL Tennessee vs Seattle"]
[Site "Internet Chess Club"]
[Date "2006.08.28"]
[Round "1"]
[White "Bereolos, Peter"]
[Black "Readey, John"]
[Result "0-1"]
[WhiteElo "2309"]
[BlackElo "2326"]
[PlyCount "106"]
[EventDate "2006.??.??"]

1. d4 Nf6 2. c4 e6 3. Nc3 Bb4 4. g3 d5 5. Bg2 O-O 6. Nf3 dxc4 7. O-O Nc6 8. Re1
Rb8 9. e4 b5 10. a3 Be7 11. d5 Na5 12. Nd4 a6 13. e5 Ne8 14. Bd2 c5 15. Nc6
Nxc6 16. dxc6 Rb6 17. Ne4 Rxc6 18. Nf6+ gxf6 19. Bxc6 fxe5 20. Qg4+ Kh8 21. Bh6
Rg8 22. Qh5 Nd6 23. Qxe5+ Bf6 24. Qxc5 Nf5 25. Bf4 Bxb2 26. Rad1 Qf8 27. Qxf8
Rxf8 28. Be4 Bxa3 29. Bxf5 exf5 30. Bh6 Rg8 31. Bd2 Bb2 32. Rb1 Bf6 33. Ba5 Be6
34. Red1 Rc8 35. Rbc1 Rc6 36. Bb4 Kg7 37. Rd6 Rxd6 38. Bxd6 a5 39. Bc7 a4 40.
Bd6 Bb2 41. Rc2 a3 42. Rxb2 axb2 43. Be5+ Kg6 44. Bxb2 b4 45. Bd4 f4 46. Bc5 b3
47. Bd4 f3 48. Kf1 Kf5 49. Ke1 Ke4 50. Bf6 Kd3 51. Kd1 c3 52. Kc1 Bf5 53. g4
Bxg4 0-1

[Event "USCL Tennessee vs Seattle"]
[Site "Internet Chess Club"]
[Date "2006.08.28"]
[Round "1"]
[White "Koons, Nat"]
[Black "Wheeler, Jerry"]
[Result "1-0"]
[WhiteElo "2258"]
[BlackElo "2206"]
[PlyCount "81"]
[EventDate "2006.??.??"]

1. Nf3 c5 2. e4 g6 3. c4 Bg7 4. d4 Qb6 5. dxc5 Qxc5 6. Be2 Nc6 7. O-O d6 8. a3
Qb6 9. Ra2 Bg4 10. Be3 Qd8 11. b4 Nf6 12. Nc3 O-O 13. Qb3 Rc8 14. Rd1 Qe8 15.
Rc2 Nd7 16. Nd5 Nde5 17. Bg5 Nxf3+ 18. gxf3 Be6 19. Qe3 f6 20. Bh4 b6 21. c5
bxc5 22. bxc5 Ne5 23. f4 Bh6 24. Qb3 Nf7 25. c6 Kh8 26. Qa4 g5 27. Bg3 gxf4 28.
Nxf4 Bxf4 29. Bxf4 Rg8+ 30. Kh1 Ne5 31. Rdc1 Rc7 32. Bg3 Qf7 33. Rc3 Qg6 34. f4
Ng4 35. f5 Qh5 36. fxe6 Nf2+ 37. Bxf2 Qxe2 38. Bg3 Rg4 39. Qc2 Qa6 40. Qd3 Qa5
41. Rb1 1-0

[Event "USCL New York vs Philadelphia"]
[Site "Internet Chess Club"]
[Date "2006.08.30"]
[Round "1"]
[White "Bonin, Jay"]
[Black "Wilson, Elvin"]
[Result "1-0"]
[WhiteElo "2379"]
[BlackElo "2240"]
[PlyCount "63"]
[EventDate "2006.??.??"]

1. d4 c5 2. d5 e6 3. Nc3 d6 4. e4 a6 5. a4 Ne7 6. h3 exd5 7. exd5 Ng6 8. Nf3
Be7 9. Bd3 O-O 10. O-O Nd7 11. Re1 Nde5 12. Nxe5 Nxe5 13. Bf4 Ng6 14. Bh2 f5
15. Nb1 Bf6 16. c3 Be5 17. Nd2 Bxh2+ 18. Kxh2 Bd7 19. Nc4 b5 20. axb5 axb5 21.
Rxa8 Qxa8 22. Nb6 Qd8 23. Nxd7 Qxd7 24. Qe2 c4 25. Bc2 Qf7 26. Qe6 Nf4 27. Qxd6
Nxd5 28. Re5 Nf6 29. Bxf5 Ne8 30. Qc5 Nc7 31. Kg1 g6 32. Be4 1-0

[Event "USCL New York vs Philadelphia"]
[Site "Internet Chess Club"]
[Date "2006.08.30"]
[Round "1"]
[White "Baczynskyj, Boris"]
[Black "Privman, Boris"]
[Result "0-1"]
[WhiteElo "2206"]
[BlackElo "2338"]
[PlyCount "64"]
[EventDate "2006.??.??"]

1. e4 e6 2. d4 d5 3. Nc3 Nf6 4. Bg5 Bb4 5. exd5 exd5 6. Bd3 Nc6 7. Nge2 O-O 8.
O-O Be7 9. a3 Be6 10. f3 Qd7 11. Qd2 Bf5 12. Bxf5 Qxf5 13. Ng3 Qd7 14. Rae1
Rfe8 15. Kh1 h6 16. Bxh6 Nh7 17. Nh5 Bf8 18. Bf4 g6 19. Ng3 Bg7 20. Nce2 Nf8
21. Bh6 Ne6 22. c3 Na5 23. Bxg7 Kxg7 24. Nf4 Nc4 25. Nxe6+ Rxe6 26. Qg5 Kh7 27.
Rxe6 Qxe6 28. f4 f5 29. Rf3 Nd2 30. Qh4+ Kg8 31. Nh5 Nxf3 32. Nf6+ Kg7 0-1

[Event "USCL Carolina vs Baltimore"]
[Site "Internet Chess Club"]
[Date "2006.08.30"]
[Round "1"]
[White "Milman, Lev"]
[Black "Enkhbat, Tegshsuren"]
[Result "0-1"]
[WhiteElo "2504"]
[BlackElo "2402"]
[PlyCount "194"]
[EventDate "2006.??.??"]

1. e4 c6 2. d4 d5 3. exd5 cxd5 4. c4 Nf6 5. Nc3 e6 6. Nf3 Bb4 7. cxd5 Nxd5 8.
Qc2 Nc6 9. Bd3 Ba5 10. a3 h6 11. O-O O-O 12. Rd1 Nce7 13. Ne5 Bd7 14. Qb3 Bb6
15. Be4 Bc6 16. Nxc6 bxc6 17. Qc4 Qd6 18. Bf3 Nf5 19. Ne4 Qe7 20. Rd3 Rfd8 21.
Bd2 Rac8 22. Re1 a5 23. g3 Qa7 24. Bc3 Nd6 25. Nxd6 Rxd6 26. Red1 Rcd8 27. Kg2
Ne7 28. Be4 Nd5 29. h4 h5 30. Bf3 Nf6 31. b4 Nd5 32. Bxh5 Nxc3 33. Qxc3 axb4
34. axb4 Bxd4 35. Qc4 Qb6 36. Ra3 g6 37. Ra6 Qb5 38. Be2 Qe5 39. Ra5 Qf6 40.
Bf3 e5 41. Ra2 Kg7 42. Rc1 Bb6 43. Qe2 Bd4 44. Ra6 Qe7 45. Rc2 Rf6 46. Qe1 Rb8
47. Ra4 Qd7 48. Ra3 Rb6 49. Rd3 Qd6 50. Rb3 Qb8 51. Rc4 c5 52. Qb1 Rb5 53. Qc2
Rxb4 54. Rcxb4 cxb4 55. Qc4 Qa7 56. Rxb4 Bxf2 57. Rb7 Qe3 58. Qe2 Qxe2 59. Bxe2
Bd4 60. Bf3 Rd6 61. h5 Be3 62. hxg6 Rd2+ 63. Kh3 Kxg6 64. Re7 Bd4 65. Bc6 Rf2
66. Be8 Kg7 67. Bc6 Kf6 68. Rb7 Ke6 69. Bd7+ Kd6 70. Kg4 e4 71. Bf5 e3 72. Rd7+
Kc5 73. Bd3 f6 74. Re7 Be5 75. Rb7 e2 76. Rb1 Bc3 77. Bxe2 Rxe2 78. Rd1 Bd2 79.
Kf5 Rf2+ 80. Ke4 Bg5 81. Rd5+ Kc6 82. Rd3 Rd2 83. Ra3 Kd6 84. Ra6+ Ke7 85. Ra7+
Rd7 86. Ra6 Kf7 87. Kf5 Rd5+ 88. Ke4 Re5+ 89. Kf3 Kg6 90. Rc6 Re3+ 91. Kf2 Rb3
92. Kg2 Be3 93. Ra6 Bd4 94. Ra4 Be5 95. Rg4+ Kf5 96. Rg8 Rxg3+ 97. Kh1 Kf4 0-1

[Event "USCL Carolina vs Baltimore"]
[Site "Internet Chess Club"]
[Date "2006.08.30"]
[Round "1"]
[White "Kaufman, Larry"]
[Black "Hoekstra, Matthew"]
[Result "1-0"]
[WhiteElo "2394"]
[BlackElo "2391"]
[PlyCount "125"]
[EventDate "2006.??.??"]

1. d4 Nf6 2. c4 e6 3. Nc3 Bb4 4. Qc2 O-O 5. a3 Bxc3+ 6. Qxc3 b6 7. Bg5 c5 8.
dxc5 bxc5 9. e3 Bb7 10. Ne2 d6 11. O-O-O a5 12. Ng3 Ra6 13. Be2 Nbd7 14. Nh5 h6
15. Bh4 e5 16. Qc2 g5 17. Bg3 Bxg2 18. Rhg1 Be4 19. Nxf6+ Nxf6 20. Bd3 Qa8 21.
h4 g4 22. Bxe4 Qxe4 23. Qxe4 Nxe4 24. Bxe5 f5 25. f3 Nf2 26. Rxd6 Rxd6 27. Bxd6
Rd8 28. Bc7 Rd7 29. Bxa5 h5 30. Kc2 Kf7 31. Rf1 g3 32. Rg1 Rd3 33. Rxg3 Rxe3
34. Bc3 f4 35. Rg7+ Kf8 36. Rg5 Rxf3 37. Rxc5 Ne4 38. Rxh5 Rf2+ 39. Kd3 Ng3 40.
Rg5 Rf3+ 41. Kd4 Ne2+ 42. Ke5 Re3+ 43. Kd5 Rd3+ 44. Ke6 Re3+ 45. Be5 f3 46.
Rf5+ Ke8 47. Kf6 Nc1 48. h5 Nd3 49. Bg3 Re7 50. Kg6 Re6+ 51. Kg7 Re7+ 52. Kg8
Re4 53. Rxf3 Nxb2 54. Rf4 Re3 55. Bh4 Nd3 56. Rf8+ Kd7 57. Rd8+ Kc7 58. Rd5 Rh3
59. Bg5 Nb2 60. h6 Kc6 61. h7 Nxc4 62. Rf5 Nd6 63. Rf6 1-0

[Event "USCL Carolina vs Baltimore"]
[Site "Internet Chess Club"]
[Date "2006.08.30"]
[Round "1"]
[White "Zaikov, Oleg"]
[Black "Rohonyan, Katerina"]
[Result "1-0"]
[WhiteElo "2331"]
[BlackElo "2292"]
[PlyCount "79"]
[EventDate "2006.??.??"]

1. d4 c5 2. d5 e5 3. e4 d6 4. Nc3 Be7 5. Bb5+ Nd7 6. a4 Bg5 7. Nf3 Bxc1 8. Qxc1
Ne7 9. Nd2 O-O 10. O-O Ng6 11. Re1 Rb8 12. Bf1 Nb6 13. a5 Na8 14. a6 Nb6 15.
Nb5 bxa6 16. Nxa7 Ra8 17. Nxc8 Qxc8 18. Ra5 f5 19. Qa1 fxe4 20. Nxe4 Nh4 21.
Rxa6 Qg4 22. Qd1 Qxd1 23. Rxd1 Rxa6 24. Bxa6 Rd8 25. Be2 h6 26. Ra1 Kf8 27. c4
Nf5 28. Ra6 Nc8 29. Bg4 g6 30. Ra8 Ke7 31. h4 h5 32. Bxf5 gxf5 33. Ng3 f4 34.
Nxh5 Kf7 35. Rb8 Kg6 36. g4 Re8 37. Kg2 Rf8 38. Kf3 Rg8 39. Rb7 Re8 40. Ng7 1-0

[Event "USCL Carolina vs Baltimore"]
[Site "Internet Chess Club"]
[Date "2006.08.30"]
[Round "1"]
[White "Zimmer, Ralph"]
[Black "Jones, Craig"]
[Result "1/2-1/2"]
[WhiteElo "2249"]
[BlackElo "2294"]
[PlyCount "109"]
[EventDate "2006.??.??"]

1. d4 Nf6 2. Nf3 g6 3. c4 Bg7 4. Nc3 O-O 5. Bf4 d6 6. h3 c6 7. e3 a6 8. Be2 b5
9. a3 Nbd7 10. O-O Bb7 11. Rc1 bxc4 12. Bxc4 c5 13. d5 Nb6 14. Ba2 a5 15. e4
Nfd7 16. Re1 c4 17. e5 Nc5 18. exd6 exd6 19. Bb1 Qd7 20. Be3 Rfe8 21. Ng5 Nba4
22. Nxa4 Nxa4 23. Qd2 Re5 24. Rxc4 Nxb2 25. Rd4 Na4 26. Rd1 Nc5 27. Ba2 h6 28.
Nf3 Re4 29. Rc4 Rxc4 30. Bxc4 Ne4 31. Qd3 f5 32. Nd4 Nc5 33. Qc2 Ba6 34. Ne6
Bxc4 35. Qxc4 Qa4 36. Qxa4 Nxa4 37. Nxg7 Kxg7 38. Bd4+ Kf7 39. Rc1 Re8 40. Rc4
Nc5 41. Bxc5 Rc8 42. Kf1 dxc5 43. Ra4 Ra8 44. Rc4 Rc8 45. Ra4 c4 46. Ke2 Rc5
47. Kd2 Ke7 48. Kc3 Kd6 49. Rxc4 Kxd5 50. Rxc5+ Kxc5 51. a4 g5 52. g4 f4 53. f3
Kd5 54. Kd3 Kc5 55. Kc3 1/2-1/2

[Event "USCL Boston vs Miami"]
[Site "Internet Chess Club"]
[Date "2006.08.30"]
[Round "1"]
[White "Lugo, Blas"]
[Black "Foygel, Igor"]
[Result "1-0"]
[WhiteElo "2447"]
[BlackElo "2541"]
[PlyCount "117"]
[EventDate "2006.??.??"]

1. e4 d6 2. d4 Nf6 3. Nc3 g6 4. Bg5 h6 5. Bh4 c6 6. e5 dxe5 7. dxe5 Nd5 8. Bc4
Be6 9. Nf3 Nd7 10. Bxd5 cxd5 11. O-O Bg7 12. Re1 Nb6 13. Nd4 Qd7 14. Nxe6 Qxe6
15. Nb5 Qd7 16. Nd4 e6 17. b3 Nc8 18. Qf3 g5 19. Bg3 h5 20. h4 g4 21. Qe3 Ne7
22. Rad1 Bh6 23. Qe2 a6 24. c4 Rc8 25. Kh1 Rc5 26. f3 dxc4 27. bxc4 Qc7 28. Rb1
Rxc4 29. Rxb7 Qxb7 30. Qxc4 gxf3 31. Nxf3 Rg8 32. Bf2 Rg4 33. Qd3 Nf5 34. Rb1
Rb4 35. Rxb4 Qxb4 36. Qxa6 Qb1+ 37. Kh2 Kf8 38. Qe2 Qa1 39. Qc4 Kg7 40. Qe2 Kg6
41. Qc2 Bf4+ 42. g3 Bxe5 43. a4 Bd6 44. Nd4 Bxg3+ 45. Bxg3 Qxd4 46. Bf2 Qf4+
47. Kg1 Kg7 48. Qc3+ Kh7 49. a5 Qg4+ 50. Kf1 Qd1+ 51. Kg2 Qg4+ 52. Kf1 Qd1+ 53.
Qe1 Qd3+ 54. Qe2 Qh3+ 55. Kg1 Kg6 56. a6 Qb3 57. a7 Qb7 58. Qd3 Qa8 59. Qh3 1-0

[Event "USCL Boston vs Miami"]
[Site "Internet Chess Club"]
[Date "2006.08.30"]
[Round "1"]
[White "Martirosov, Vadim"]
[Black "Martinez, Marcel"]
[Result "1-0"]
[WhiteElo "2270"]
[BlackElo "2415"]
[PlyCount "77"]
[EventDate "2006.??.??"]

1. e4 e5 2. Nf3 Nc6 3. Bc4 Nf6 4. d4 exd4 5. e5 d5 6. Bb5 Ne4 7. Nxd4 Bd7 8.
Bxc6 bxc6 9. O-O Bc5 10. f3 Ng5 11. f4 Ne4 12. Be3 Bb6 13. Nc3 Nxc3 14. bxc3
Qe7 15. Qd2 O-O 16. Rae1 Rfe8 17. Nb3 Bf5 18. a4 a5 19. Qf2 Rab8 20. Nd4 Bxd4
21. Bxd4 Rb2 22. Re2 Qe6 23. Qh4 c5 24. Bxc5 Qc6 25. Bd4 Qc4 26. Rfe1 c5 27. e6
fxe6 28. Bxg7 Kxg7 29. Qg5+ Bg6 30. f5 Qxc3 31. fxg6 Qd4+ 32. Kh1 hxg6 33. h3
Qf6 34. Qg3 Ra2 35. Rf2 Qd4 36. Qc7+ Kh6 37. Rf4 Qc3 38. Rh4+ Kg5 39. Qf4# 1-0

[Event "USCL Boston vs Miami"]
[Site "Internet Chess Club"]
[Date "2006.08.30"]
[Round "1"]
[White "Cabrera, Jose"]
[Black "Krasik, Ilya"]
[Result "0-1"]
[WhiteElo "2077"]
[BlackElo "2202"]
[PlyCount "80"]
[EventDate "2006.??.??"]

1. c4 g6 2. g3 Bg7 3. Bg2 c5 4. Nc3 Nc6 5. Nf3 d6 6. O-O e5 7. d3 Nge7 8. Rb1
O-O 9. a3 a5 10. Nd5 Nxd5 11. cxd5 Ne7 12. Nd2 a4 13. b4 axb3 14. Qxb3 Bh6 15.
Nc4 Bxc1 16. Rfxc1 Ra6 17. e3 Kg7 18. Qb2 Kg8 19. Rc3 f6 20. Rb3 f5 21. f4 e4
22. dxe4 fxe4 23. Bxe4 Ra4 24. Qc2 Re8 25. Rb6 Ra6 26. Rxa6 bxa6 27. Rb6 Nf5
28. Bxf5 Bxf5 29. Qc3 Re4 30. Rxd6 Qe7 31. Rb6 Rxc4 32. Qxc4 Qxe3+ 33. Kg2 Qd2+
34. Kf3 Bd3 35. Rb8+ Kg7 36. Rb7+ Kh6 37. g4 Qe2+ 38. Kg3 Qe3+ 39. Kh4 g5+ 40.
fxg5+ Qxg5+ 0-1

[Event "USCL San Francisco vs Dallas"]
[Site "Internet Chess Club"]
[Date "2006.08.30"]
[Round "1"]
[White "Zilberstein, Dmitry"]
[Black "Schneider, Igor"]
[Result "1-0"]
[WhiteElo "2435"]
[BlackElo "2435"]
[PlyCount "63"]
[EventDate "2006.??.??"]

1. d4 d5 2. c4 e6 3. Nc3 c6 4. e4 dxe4 5. Nxe4 Bb4+ 6. Bd2 Qxd4 7. Bxb4 Qxe4+
8. Be2 Na6 9. Ba5 f6 10. Qd8+ Kf7 11. O-O-O b6 12. Bc3 Qf4+ 13. Kb1 e5 14. Bd3
Nc5 15. Ne2 Qg4 16. f3 Qe6 17. Bc2 Qe8 18. Qd2 Ne7 19. f4 e4 20. Ng3 Nf5 21.
Qe2 Nh6 22. Qh5+ Kf8 23. Qxe8+ Kxe8 24. b4 Ne6 25. Bxe4 Nd8 26. Rhe1 Kf7 27. b5
Be6 28. bxc6 Rc8 29. f5 Bxc4 30. Rd7+ Kg8 31. Bd5+ Bxd5 32. Re8# 1-0

[Event "USCL San Francisco vs Dallas"]
[Site "Internet Chess Club"]
[Date "2006.08.30"]
[Round "1"]
[White "Kiewra, Keaton"]
[Black "Pinto, Mark"]
[Result "0-1"]
[WhiteElo "2282"]
[BlackElo "2217"]
[PlyCount "88"]
[EventDate "2006.??.??"]

1. e4 c5 2. Nf3 d6 3. d4 cxd4 4. Nxd4 Nf6 5. Nc3 a6 6. Bg5 e6 7. f4 Qc7 8. Qf3
b5 9. O-O-O b4 10. Nd5 exd5 11. Bxf6 gxf6 12. Bd3 Bg7 13. exd5 f5 14. Bxf5 Bb7
15. Rhe1+ Kf8 16. Qe4 Bxd4 17. Qxd4 Rg8 18. Bxh7 Rg7 19. Re8+ Kxe8 20. Qxg7 Qe7
21. Kd2 Kd8 22. Re1 Qh4 23. g3 Qxh2+ 24. Re2 Qh5 25. Qf6+ Kc7 26. Bf5 Nd7 27.
Bxd7 Qxd5+ 28. Kc1 Kxd7 29. Qe7+ Kc6 30. Qf6 Rg8 31. b3 Rxg3 32. Kb2 Qd1 33.
Re4 Rc3 34. Rc4+ Rxc4 35. bxc4 Kc5 36. Qxf7 Qd4+ 37. Kb1 Bc6 38. f5 Qxc4 39.
Qa7+ Kb5 40. Qf2 Bd5 41. f6 Qxa2+ 42. Kc1 Qa1+ 43. Kd2 Qc3+ 44. Kc1 b3 0-1

[Event "USCL Philadelphia vs Boston"]
[Site "Internet Chess Club"]
[Date "2006.09.06"]
[Round "2"]
[White "Costigan, Richard"]
[Black "Foygel, Igor"]
[Result "0-1"]
[WhiteElo "2287"]
[BlackElo "2541"]
[PlyCount "90"]
[EventDate "2006.??.??"]

1. e4 d6 2. d4 Nf6 3. Nc3 g6 4. g3 Bg7 5. Bg2 O-O 6. Nf3 c6 7. O-O Qc7 8. h3 e5
9. a4 Na6 10. Re1 Re8 11. Be3 Nb4 12. Qd2 a5 13. Rad1 Be6 14. Ng5 Bc4 15. b3
Ba6 16. Nf3 Rad8 17. Qc1 exd4 18. Nxd4 d5 19. Bf4 Qb6 20. Bh6 c5 21. Bxg7 Kxg7
22. e5 cxd4 23. exf6+ Qxf6 24. Rxe8 Rxe8 25. Nb5 Re2 26. Qf4 Qxf4 27. gxf4 Bxb5
28. axb5 Rxc2 29. Rxd4 Rc5 30. Bf1 Rc1 31. Rd2 Rb1 32. Re2 Kf8 33. f5 gxf5 34.
Kg2 Rxb3 35. Re5 a4 36. b6 a3 37. Bb5 Nc6 38. Bxc6 bxc6 39. Re3 Rxb6 40. Rxa3
Rb7 41. Kf3 Ke7 42. Ra6 Kd6 43. Kf4 d4 44. Kxf5 Kd5 45. Kf4 Re7 0-1

[Event "USCL Philadelphia vs Boston"]
[Site "Internet Chess Club"]
[Date "2006.09.06"]
[Round "2"]
[White "Krasik, Ilya"]
[Black "Wilson, Elvin"]
[Result "0-1"]
[WhiteElo "2202"]
[BlackElo "2240"]
[PlyCount "88"]
[EventDate "2006.??.??"]

1. d4 c5 2. d5 e6 3. Nc3 d6 4. e4 a6 5. a4 Ne7 6. Bg5 h6 7. Bd2 e5 8. g3 g6 9.
Bg2 Bg7 10. Nge2 b6 11. O-O O-O 12. f4 exf4 13. gxf4 Ra7 14. Ng3 Kh7 15. Qe2
Nd7 16. e5 dxe5 17. f5 Nf6 18. Qxe5 Nfxd5 19. f6 Nxf6 20. Rxf6 Ng8 21. Qb8 Nxf6
22. Qxa7 Qxd2 23. Qxb6 Qe3+ 24. Kh1 Ng4 25. Nd1 Qe1+ 26. Nf1 Nf2+ 27. Nxf2 Qxa1
28. c3 Qxa4 29. Qxc5 Qb5 30. Qxb5 axb5 31. Bc6 b4 32. cxb4 Bxb2 33. Nd3 Bd4 34.
Kg2 Rd8 35. Kf3 Kg7 36. b5 Bg1 37. Nb4 Rd1 38. Ne3 Rb1 39. Ned5 Rb3+ 40. Kg2
Bc5 41. Na6 Bd6 42. h4 Bf5 43. b6 Be4+ 44. Kf2 Bxd5 0-1

[Event "USCL Baltimore vs New York"]
[Site "Internet Chess Club"]
[Date "2006.09.06"]
[Round "2"]
[White "Hess, Robert"]
[Black "Enkhbat, Tegshsuren"]
[Result "0-1"]
[WhiteElo "2422"]
[BlackElo "2402"]
[PlyCount "108"]
[EventDate "2006.??.??"]

1. e4 c6 2. Nc3 d5 3. Nf3 Bg4 4. h3 Bxf3 5. Qxf3 e6 6. a3 Nd7 7. d3 g6 8. d4
Bg7 9. exd5 exd5 10. Be3 Ngf6 11. Bd3 O-O 12. g4 Re8 13. O-O-O b5 14. Ne2 b4
15. axb4 Qb6 16. Ng3 Reb8 17. b5 a6 18. bxa6 c5 19. g5 cxd4 20. gxf6 Qxb2+ 21.
Kd2 dxe3+ 22. fxe3 Nxf6 23. Rb1 Qc3+ 24. Ke2 Re8 25. Rb3 Qc6 26. Rhb1 Ne4 27.
Rb6 Nc3+ 28. Kf2 Qc5 29. Rb7 Rf8 30. R1b3 Rae8 31. Nf1 Ne4+ 32. Kg2 Nd6 33.
R7b4 Re7 34. Rb8 Be5 35. Qg4 Rxb8 36. Rxb8+ Kg7 37. Qb4 Qc7 38. Rb6 Re6 39. Qb3
d4 40. exd4 Bxd4 41. Rb4 Ba7 42. Qd5 Qe7 43. Ng3 Rf6 44. Ne4 Nxe4 45. Rxe4 Qc7
46. Qe5 Qb6 47. Re1 Qf2+ 48. Kh1 Qf3+ 49. Kh2 Bb8 50. Qxb8 Qf2+ 51. Kh1 Qxe1+
52. Kg2 Rf2+ 53. Kg3 Qe3+ 54. Kh4 Rf4+ 0-1

[Event "USCL Baltimore vs New York"]
[Site "Internet Chess Club"]
[Date "2006.09.06"]
[Round "2"]
[White "Herman, Matt"]
[Black "Rohonyan, Katerina"]
[Result "0-1"]
[WhiteElo "2172"]
[BlackElo "2292"]
[PlyCount "120"]
[EventDate "2006.??.??"]

1. e4 c5 2. Nf3 Nc6 3. d4 cxd4 4. Nxd4 e5 5. Nb5 d6 6. c4 Be6 7. N1c3 a6 8. Na3
Be7 9. Bd3 Bg5 10. O-O h6 11. Nc2 Bxc1 12. Rxc1 Nge7 13. Qd2 O-O 14. Rfd1 Nc8
15. b4 Qg5 16. a3 Rd8 17. g3 Nb6 18. Qe2 Rac8 19. Kh1 h5 20. Qe3 Qxe3 21. Nxe3
Nd4 22. Ne2 Nxe2 23. Bxe2 g6 24. h4 Kf8 25. Kg2 Ke7 26. f4 exf4 27. gxf4 f5 28.
exf5 gxf5 29. Kf2 Rg8 30. Rd4 Nd7 31. Rcd1 Nf6 32. Bf3 b5 33. cxb5 axb5 34.
Rxd6 Rc3 35. R6d3 Rc7 36. Re1 Kf7 37. Rd6 Ra7 38. Rd3 Rc8 39. Ra1 Rg8 40. Rc1
Ng4+ 41. Ke2 Re7 42. Bxg4 hxg4 43. Kf2 g3+ 44. Kg1 Bc4 45. Nxc4 bxc4 46. Rd4
Re3 47. Rdxc4 Rxa3 48. Rc7+ Kg6 49. Kg2 Kh5 50. R1c2 Rb3 51. R7c4 Kxh4 52. b5
Rxb5 53. R4c3 Rb4 54. Rf3 Rg4 55. Rc8 Rb2+ 56. Kg1 Kh3 57. Rc1 Rg7 58. Rcc3
Rb1+ 59. Rf1 Rxf1+ 60. Kxf1 Kh2 0-1

[Event "USCL Miami vs San Francisco"]
[Site "Internet Chess Club"]
[Date "2006.09.06"]
[Round "2"]
[White "McCambridge, Vince"]
[Black "Moreno Roman, Alejandro"]
[Result "1-0"]
[WhiteElo "2502"]
[BlackElo "2437"]
[PlyCount "47"]
[EventDate "2006.??.??"]

1. f4 d5 2. Nf3 Nf6 3. b3 c5 4. e3 Bg4 5. h3 Bxf3 6. Qxf3 Nc6 7. Bb2 e6 8. Bb5
Rc8 9. Nc3 a6 10. Bxc6+ Rxc6 11. O-O Be7 12. g4 O-O 13. g5 Ne4 14. Nxe4 dxe4
15. Qxe4 Qxd2 16. Rad1 Qb4 17. c4 Qa5 18. Rd7 Qxa2 19. Rf2 Re8 20. Rxe7 Rxe7
21. Qe5 f6 22. gxf6 Qb1+ 23. Kh2 Rec7 24. f7+ 1-0

[Event "USCL Miami vs San Francisco"]
[Site "Internet Chess Club"]
[Date "2006.09.06"]
[Round "2"]
[White "Martinez, Marcel"]
[Black "Pruess, David"]
[Result "0-1"]
[WhiteElo "2415"]
[BlackElo "2453"]
[PlyCount "70"]
[EventDate "2006.??.??"]

1. d4 d5 2. c4 e6 3. Nc3 c6 4. e4 dxe4 5. Nxe4 Bb4+ 6. Bd2 Qxd4 7. Bxb4 Qxe4+
8. Be2 Ne7 9. Qd2 Ng6 10. Nh3 Na6 11. O-O-O f6 12. Bd3 Qh4 13. Bd6 e5 14. Rhe1
Kf7 15. Re3 Rd8 16. Ng1 Rxd6 17. Bxg6+ hxg6 18. Qxd6 Qxc4+ 19. Kd2 Qxa2 20. Qa3
Qd5+ 21. Kc1 Qxg2 22. Nf3 Be6 23. Rg1 Qxf2 24. Nxe5+ Kg8 25. Nf3 Bf5 26. Qb3+
Kh7 27. Rg3 Qf1+ 28. Re1 Nc5 29. Rxf1 Nxb3+ 30. Kd1 Rd8+ 31. Ke1 Nc5 32. Nh4
Be4 33. Rh3 g5 34. b4 Nd3+ 35. Ke2 Kg8 0-1

[Event "USCL Miami vs San Francisco"]
[Site "Internet Chess Club"]
[Date "2006.09.06"]
[Round "2"]
[White "Shankland, Sam"]
[Black "Barredo, Luis"]
[Result "1-0"]
[WhiteElo "2161"]
[BlackElo "2160"]
[PlyCount "85"]
[EventDate "2006.??.??"]

1. e4 e6 2. d4 d5 3. Nc3 Bb4 4. e5 c5 5. Qg4 Ne7 6. Nf3 Nbc6 7. a3 Qa5 8. Bd2
cxd4 9. Nxd4 Nxd4 10. Qxd4 Nc6 11. Bb5 Bxc3 12. Bxc6+ bxc6 13. Bxc3 Qb6 14. Qg4
O-O 15. O-O c5 16. b4 Ba6 17. Rfe1 Rfc8 18. Bd2 Qd8 19. Bh6 Qf8 20. Re3 f5 21.
exf6 Qxf6 22. Qxe6+ Qxe6 23. Rxe6 Bb5 24. Bf4 cxb4 25. axb4 Rxc2 26. Re7 Re8
27. Rxe8+ Bxe8 28. Rxa7 Rc4 29. g3 Rxb4 30. Be5 Rg4 31. f4 h5 32. Kg2 Bf7 33.
Kf3 Rg6 34. Ra8+ Kh7 35. Rf8 Bg8 36. f5 Rg4 37. Bf4 d4 38. h3 Bd5+ 39. Kf2
Rxf4+ 40. gxf4 Be4 41. f6 Kg6 42. f5+ Kh7 43. Rh8+ 1-0

[Event "USCL Seattle vs Carolina"]
[Site "Internet Chess Club"]
[Date "2006.09.06"]
[Round "2"]
[White "Orlov, Georgi"]
[Black "Milman, Lev"]
[Result "1-0"]
[WhiteElo "2574"]
[BlackElo "2504"]
[PlyCount "89"]
[EventDate "2006.??.??"]

1. d4 d5 2. Nf3 Nf6 3. c4 c6 4. Nc3 dxc4 5. a4 Bf5 6. e3 e6 7. Bxc4 Bb4 8. O-O
Nbd7 9. Nh4 Bg6 10. Be2 Bxc3 11. Nxg6 hxg6 12. bxc3 Qc7 13. h3 O-O 14. Ba3 Rfd8
15. Qb3 c5 16. Bf3 Rab8 17. Rfd1 b6 18. Qb5 e5 19. Qc6 Qxc6 20. Bxc6 Rbc8 21.
Bb7 Rc7 22. Ba6 exd4 23. cxd4 Nb8 24. Bb5 a6 25. dxc5 Rxd1+ 26. Rxd1 Rc8 27.
Bc4 Nfd7 28. Rd6 Nxc5 29. Bxc5 Rxc5 30. Rd8+ Kh7 31. Bxf7 Nc6 32. Rd6 Ne5 33.
Bd5 Nc4 34. Rd8 Nb2 35. h4 Rc1+ 36. Kh2 Rd1 37. g4 b5 38. axb5 axb5 39. g5 b4
40. Bg8+ Kh8 41. Rb8 Rd2 42. Kg3 Rd6 43. Bf7+ Kh7 44. Rxb4 Rd2 45. Rb6 1-0

[Event "USCL Seattle vs Carolina"]
[Site "Internet Chess Club"]
[Date "2006.09.06"]
[Round "2"]
[White "Readey, John"]
[Black "Zaikov, Oleg"]
[Result "0-1"]
[WhiteElo "2326"]
[BlackElo "2331"]
[PlyCount "78"]
[EventDate "2006.??.??"]

1. Nf3 Nf6 2. c4 e6 3. g3 d5 4. Bg2 Be7 5. O-O O-O 6. d4 c5 7. cxd5 exd5 8. Nc3
cxd4 9. Nxd4 Nc6 10. Be3 Re8 11. Qb3 Na5 12. Qc2 Nc4 13. Bg5 Qb6 14. Nxd5 Qxd4
15. Rfd1 Qc5 16. Nxe7+ Rxe7 17. Rd8+ Re8 18. Bxf6 Rxd8 19. Bxd8 Bf5 20. Be7
Qxe7 21. Qxf5 Qxe2 22. Rc1 Nd6 23. Qd7 Qd2 24. Rc7 Qd1+ 25. Bf1 Re8 26. Rxb7 g6
27. Rb3 Re1 28. Qh3 Nf5 29. g4 Nd4 30. Re3 Ne2+ 31. Rxe2 Qxe2 32. Qg2 Qxb2 33.
Qa8+ Kg7 34. Kg2 Qa1 35. Ba6 Rg1+ 36. Kh3 Qc3+ 37. f3 Qf6 38. Bb7 Qf4 39. Qc8
Qh6# 0-1

[Event "USCL Dallas vs Tennessee"]
[Site "Internet Chess Club"]
[Date "2006.09.06"]
[Round "2"]
[White "Panchanathan, Magesh"]
[Black "Burnett, Ron"]
[Result "0-1"]
[WhiteElo "2544"]
[BlackElo "2423"]
[PlyCount "82"]
[EventDate "2006.??.??"]

1. Nf3 Nf6 2. g3 b5 3. a4 b4 4. Bg2 Bb7 5. O-O e6 6. d4 c5 7. c3 Na6 8. a5 bxc3
9. Nxc3 cxd4 10. Nxd4 Bxg2 11. Kxg2 Bb4 12. Qd3 Nc5 13. Qc4 Bxc3 14. bxc3 Rc8
15. Nb5 d5 16. Qb4 Qe7 17. Bf4 e5 18. Bxe5 Qxe5 19. Nxa7 O-O 20. Nxc8 Rxc8 21.
a6 Nfd7 22. a7 Ra8 23. Rfb1 h5 24. Ra5 Qxe2 25. Qd4 Qe4+ 26. Qxe4 Nxe4 27. Rb7
Nef6 28. Rc5 Nxc5 29. Rb8+ Rxb8 30. axb8=Q+ Kh7 31. Qf8 Nce4 32. Qxf7 Nxc3 33.
h3 Ne2 34. Qe6 Nd4 35. Qe5 Nc6 36. Qf5+ Kh6 37. g4 hxg4 38. hxg4 Ne7 39. g5+
Kh5 40. gxf6+ Nxf5 41. f7 Nh4+ 0-1